| 000 | 00494nam a2200169 i 4500 | ||
|---|---|---|---|
| 001 | 101225 | ||
| 003 | ES-MaACL | ||
| 005 | 20250930063107.0 | ||
| 007 | t| | ||
| 008 | 051014s1913 gw ||||1| ger d | ||
| 100 | 1 |
_aMayer, August Liebmann, _d1885-1944 _979345 |
|
| 245 | 1 | 0 |
_aGeschichte der Spanischen Malerei / _cvon August L. Mayer. |
| 260 |
_aLeipzig : _bKlinkhardt & Biermann, _c1913. |
||
| 300 |
_a2 v. ; _c29 cm. |
||
| 852 |
_aES-MaACL _jC-2560-61 |
||
| 999 |
_c101225 _d101225 |
||